The valuation and development of petrol filling stations (Record no. 87144)

MARC details
000 -LEADER
fixed length control field 01168cam a2200349 4500
001 - CONTROL NUMBER
control field D8611
008 - FIXED-LENGTH DATA ELEMENTS--GENERAL INFORMATION
fixed length control field 090401t1969 xxu||||| |||| 00| 0 eng d
035 ## - SYSTEM CONTROL NUMBER
System control number (Sirsi) u14107
041 ## - LANGUAGE CODE
Language code of text/sound track or separate title eng
050 ## - LIBRARY OF CONGRESS CALL NUMBER
Classification number 333.332
-- 18
100 ## - MAIN ENTRY--PERSONAL NAME
Personal name Sedgwick, J. R. E.
245 #4 - TITLE STATEMENT
Title The valuation and development of petrol filling stations
250 ## - EDITION STATEMENT
Edition statement Rev ed.
260 ## - PUBLICATION, DISTRIBUTION, ETC.
Place of publication, distribution, etc. London
Name of publisher, distributor, etc. Estates Gazette
Date of publication, distribution, etc. 1969
300 ## - PHYSICAL DESCRIPTION
Extent xv, 251p.
Other physical details ill., map.
Dimensions 22cm
350 ## - PRICE (NR) (BK AM CF MU VM SE) [OBSOLETE]
Price 2.60
505 ## - FORMATTED CONTENTS NOTE
Formatted contents note Petrol filling stations and pterol companies
505 ## - FORMATTED CONTENTS NOTE
Formatted contents note The highway
505 ## - FORMATTED CONTENTS NOTE
Formatted contents note Siting and construction of petrol stations
505 ## - FORMATTED CONTENTS NOTE
Formatted contents note The valuation of petrol stations
505 ## - FORMATTED CONTENTS NOTE
Formatted contents note Town and country planning in relation to petrol stations
505 ## - FORMATTED CONTENTS NOTE
Formatted contents note General legislation
520 ## - SUMMARY, ETC.
Summary, etc. A classic text on the valuation of petrol stations and garages.
650 ## - SUBJECT ADDED ENTRY--TOPICAL TERM
Topical term or geographic name entry element HIGHWAYS ACT 1959
650 ## - SUBJECT ADDED ENTRY--TOPICAL TERM
Topical term or geographic name entry element LANDLORD AND TENANT ACT 1927
650 ## - SUBJECT ADDED ENTRY--TOPICAL TERM
Topical term or geographic name entry element LANDLORD AND TENANT ACT 1954
690 ## - LOCAL SUBJECT ADDED ENTRY--TOPICAL TERM (OCLC, RLIN)
Topical term or geographic name as entry element PROPERTY-COMMERCIAL PROPERTY-RETAIL PROPERTY-RETAIL PROPERTY APPRAISAL AND VALUATION
700 ## - ADDED ENTRY--PERSONAL NAME
Personal name Westbrook, R. W.
700 ## - ADDED ENTRY--PERSONAL NAME
Personal name Jackson, J. A.
942 ## - ADDED ENTRY ELEMENTS (KOHA)
Suppress in OPAC 0
948 ## - LOCAL PROCESSING INFORMATION (OCLC); SERIES PART DESIGNATOR (RLIN)
c (OCLC) 04/03/1997
Holdings
Withdrawn status Lost status Source of classification or shelving scheme Damaged status Not for loan Home library Current library Shelving location Date acquired Cost, normal purchase price Total Checkouts Full call number Barcode Date last seen Copy number Cost, replacement price Price effective from Koha item type
    Dewey Decimal Classification     London London Basement 14/09/1999 2.60   SHELF 205 30002585 06/08/2019 2 2.60 06/08/2019 Book